000 01093nam0a2200289 4500
001 rc\164208
005 20250620214136.0
035 _a(NLR Aleph) 005428775
090 _a7554833
_c7554833
100 _a20030307d1997 |||y0rusy50 ca
101 0 _arus
102 _aRU
105 _aa |||||||||
200 1 _aБоевые приемы борьбы
_eУчеб.-метод. пособие
_fРесп. ин-т повышения квалификации работников МВД России
205 _a2-е изд.
210 _aДомодедово
_cРИПК работников МВД РФ
_d1997
215 _a131 с.
_cил.
_d20
320 _aБиблиогр.: с. 130 (10 назв.)
606 1 _aБоевое самбо
_jУчебно-методические пособия
_92352321
_3RU\NLR\AUTH\661405274
686 1 _aЦ4,6(2)361.12я7
700 1 _aКоротаев
_bВ.Г.
_gВадим Геннадьевич
801 0 _aRU
_bNLR
_gpsbo
801 1 _aRU
_bELAR
_2rusmarc
852 _aNLR
_j97-3/4357
942 _cBOOK
980 _aNB